[Event "Madrid"]
[Site "Madrid"]
[Date "1996.05.15"]
[Round "7"]
[White "Kortschnoj, Viktor Lvovich"]
[Black "Shirov, Alexei"]
[Result "0-1"]
[WhiteElo "2645"]
[BlackElo "2690"]
[Annotator "Shirov,A"]
[PlyCount "60"]
[EventDate "1996.05.08"]
[EventType "tourn"]
[EventRounds "9"]
[EventCountry "ESP"]
[EventCategory "17"]
[SourceTitle "CBM 053"]
[Source "ChessBase"]
[SourceDate "1996.08.01"]
[SourceVersion "1"]
[SourceVersionDate "1996.08.01"]
[SourceQuality "1"]

{A day before this game I drew much better game against Illescas and being
still on fifty per cent I practically lost chances for a good place. Still I
felt like fighting until last pawn and with a certain luck it worked.} 1. c4 {
Ribli Kortschnoj Gelfand} e5 2. g3 f5 3. Bg2 Nf6 4. d3 (4. d4 $5 e4 (4... exd4
{Ribli} 5. Qxd4 Nc6 6. Qd1 Bb4+ 7. Bd2 Bxd2+ 8. Nxd2 d5 9. Nh3 O-O 10. Nf4 dxc4
11. Nxc4 Qxd1+ 12. Rxd1 g5 13. Bxc6 $1 bxc6 14. Nd3 Be6 15. Rc1 $14 {
Ostenstadt,B-Westerinen,H/EU-chT Debrecen/1992/}) 5. Nc3 Bb4 6. Bg5 $5 O-O 7.
e3 Bxc3+ 8. bxc3 d6 9. Ne2 Nc6 10. Nf4 Qe8 11. Bxf6 $1 Rxf6 12. f3 $14 {
Sunye,N-Milos,G/Rio de Janeiro/1985/INF41,21/}) (4. Nc3 $5 {Ribli}) 4... Bb4+
5. Nc3 {Ribli: Weiss hat keine Angst vor dem Doppelbauern auf der c-Linie.
Kortschnoj waehlt natuerlich wie immer die komplizierte Fortsetzung.} (5. Bd2 {
Kortschnoj} Bxd2+ 6. Qxd2 O-O 7. Nc3 d6 $10 (7... d6 {Ribli} 8. e3 c6 9. Nf3
Be6 10. Ng5 Qe7 11. O-O Nbd7 12. f4 $36 {Chernin,A-Shirov,A/Moscow PCA 25'/
1996/})) 5... Bxc3+ 6. bxc3 d6 7. Nf3 c5 {I was not very familiar with the
opening and somewhere here I already started improvising. An interesting
move-in order to hinder white initiative on the queen side.  Dieser Zug hat
sowohl einen Vorteil als auch einen Nachteil. Schwarz wird den Punkt d4
kontrollieren, aber zugleich überläßt er Weiß den Punkt d5.} 8. O-O Nc6 9. Ne1
{[#] Weiß will den Punkt d5 mit seinem Springer besetzen /\ Nc2,Ne3,Nd5. In
Frage kommt meiner Meinung nach 9.Rb1 /\ 10.Bg5 oder sofort 9.Bg5. Ich bin
nicht sicher, ob der Läufer auf c1 in dieser Stellung eine große Zukunft hat.}
(9. Nh4 {Kortschnoj} O-O 10. f4 e4 11. dxe4 fxe4 12. Bxe4 Nxe4 13. Qd5+ Kh8 14.
Qxe4 Qf6 $44) (9. Rb1 $5 {Ribli  >< b7}) (9. Bg5 $5 {Ribli}) 9... O-O 10. Nc2 {
Weiß setzt seinen Plan konsequent fort.} (10. Rb1 $5 {Ribli  Der Anziehende
könnte mit diesem Zug die schwarze Entwicklung erschweren.}) 10... Be6 11. Ne3
Qd7 (11... f4 {Kortschnoj} 12. Nd5 g5 13. e3 $14) (11... e4 {Kortschnoj} 12.
Nd5 Nxd5 (12... h6 $5) 13. cxd5 Bxd5 14. dxe4 Bc4 15. Qc2 $14) 12. Nd5 Ne7 $5 {
The knight was annoying me.} 13. Qb3 $5 (13. Nxf6+ {Ribli} Rxf6 14. Rb1 Rb8 15.
Bg5 Rf7 16. Bxe7 Rxe7 $13) 13... Nexd5 {[#] Die schwarze Idee ist ganz klar,
er will einfach die Spielmöglichkeiten der weißen Läufer stark begrenzen und
dann beginnt er, den gegnerischen König anzugreifen.} 14. cxd5 Bf7 15. c4 Bh5 {
Although White has a nice setup in the centre and good prospects on the
queenside I was still quite optimistic about my attacking chances. Easier said
then properly done.  Der Damenflügel ist eingefroren und jetzt beginnt Shirov
zu spielen.} 16. f3 Rae8 $6 {Afterwards I felt unhappy about this move. Both  /
\ e4} (16... h6 $5 17. e4 fxe4 18. dxe4 g5 $132 {and}) (16... f4 $5 {deserved
serios attention.}) 17. e4 $5 {This doesn't look like a bad move but it allows
a sort of mess I needed. More precise would be} (17. Bh3 $1 {A sample
variation then would be} h6 18. e4 Bg6 19. Rb1 b6 20. Qb5 $1 {with a nice game
for White. Also interesting was}) (17. Rb1 $5) (17. Rb1 {Kortschnoj} b6 18. a4
f4 19. a5 $13) (17. Bh3 $5 {Kortschnoj Gelfand /\e2-e4}) 17... f4 $5 18. gxf4
exf4 19. d4 $5 {This came as a surprise. Normaleweise nimmt Kortschnoj, was
sein Gegner gibt.} (19. Bb2 {with the same idea but avoiding complications.
Black's answer then would be something like} Qc7 20. d4 Nd7 21. Bh3 {with
unclear play. Of course, my calculations were concentrated on the line}) (19.
Bxf4 Nxd5 $1 20. Bxd6 Nf4 {Shirov wollte höchstwahrscheinlich dieses
Qualitaetsopfer spielen.} 21. Bxf8 Rxf8 {and it's not easy to asess the arisen
position. My feeling is that Black's initiative compensates material losses.})
19... cxd4 20. Bb2 {[#] Weiß braucht noch den Zug Bxd4 und dann steht er gut,
aber jetzt ist noch Schwarz am Zug.} Nxe4 $5 {A normal and probably
objectively better continuation would be  [#] Jetzt kommt der schwarze Angriff
ins Rollen, der die schon etwas brüchige weiße Königsfestung -der g Bauer
fehlt- erstürmt.} (20... Qc7 21. Bxd4 Nd7 $13 {But I really wanted to win and
having taken Korchnoi's bad form into account I decided to gamble with the
piece sacrifice.}) (20... Qe7 {Kortschnoj} 21. Bxd4 b6 22. a4 Nd7 23. a5 Ne5
$44) 21. fxe4 Qg4 {[#]  /\ f3} 22. h3 $2 {Now White's position goes astray.
The best and in fact the only move would be} (22. Qh3 {Now my original
intention} f3 (22... Qg6 $6 {would simply fail to} 23. Kh1 Be2 (23... f3 24.
Bxf3 Bxf3+ 25. Rxf3 Qxe4 26. Raf1 {seems just losing for Black}) 24. Bxd4 Bxf1
25. Rxf1 Rxe4 26. Bxa7 {and White is better since his bishops are very
powerful. Probably the best idea is to go for an ending after}) 23. Qxg4 Bxg4
24. h3 (24. Bh1 {Kortschnoj} Rxe4 25. Rf2 d3 26. Rd1 $16 {/\h3}) 24... Bh5 25.
Bh1 Rxe4 26. Rf2 d3 27. Rd1 Rxc4 28. Rxd3 Rcf4 {with good drawing chances for
Black because of the bishop on h1.}) (22. Rae1 $5 {Kortschnoj} f3 23. Rxf3 Rxf3
24. Qxf3 Qxf3 25. Bxf3 Bxf3 26. Bxd4 $10) 22... Qg5 $1 (22... Qg6 $2 23. Kh2 {
would be a great relief for White.}) 23. Kh1 (23. Kh2 f3 24. Bxf3 Bxf3 25. Rxf3
Qd2+ 26. Kh1 Rxf3 27. Qxf3 Rf8 {would also have been in Black's favour but
maybe a better practical chance for White.}) 23... Qh4 $1 {/\ f3 ><h3} 24. Kg1
{Now} (24. Kh2 {seems too late in view of} f3 25. Bxf3 Bxf3 26. Rxf3 Rxf3 27.
Qxf3 Rf8 28. Qg4 Rf2+ 29. Kg1 Qxg4+ 30. hxg4 Rxb2 {with the winning rook
ending.}) 24... Rf6 $3 {Of course I even didn't consider moves repetition with
24...Qg5 but it wasn't easy to find a winning idea. For example,  [#] Trotz
der Mehrfigur ist Weiß hilflos.} (24... Re5 $2 {was not possible because of}
25. Bxd4 Rg5 26. Bf2 $18) 25. Bxd4 Rg6 26. Kh1 $2 {The decisive mistake.
Trying to give up the piece with} (26. Bf2 $2 Qg5 27. Bg3 {would lose to} f3 {
but}) (26. Qd3 {could still offer resistance. The best way for Black then is}
Qg5 $1 (26... Rf8 $2 27. Rf3 Bxf3 28. Qxf3 Rg3 29. Bf2 Qf6 30. Qd1 {is
absolutely unclear}) 27. Rf2 f3 {and the threat of 28...Qg3 makes Black's
advantage clear.}) 26... Rxg2 {[#] Ein eleganter Abshluss der Partie.} 27. Kxg2
Rxe4 {Now Black's attack crushes through.} 28. Bg1 {After} (28. Bf2 Re2 {
White has no way to parry 29...f3+ winning.}) 28... Re2+ 29. Kh1 Bg6 30. Bf2
Be4+ 0-1

[Event "New York CITS"]
[Site "New York"]
[Date "1996.??.??"]
[Round "9"]
[White "Kortschnoj, Viktor Lvovich"]
[Black "Adams, Michael"]
[Result "0-1"]
[WhiteElo "2645"]
[BlackElo "2660"]
[Annotator "Dautov,R"]
[PlyCount "82"]
[EventDate "1996.03.??"]
[EventType "tourn"]
[EventRounds "11"]
[EventCountry "USA"]
[EventCategory "13"]
[SourceTitle "CBM 052"]
[Source "ChessBase"]
[SourceDate "1996.06.01"]
[SourceVersion "1"]
[SourceVersionDate "1996.06.01"]
[SourceQuality "1"]

1. d4 {Mowsziszian,K} Nf6 2. Nf3 e6 3. g3 b6 4. Bg2 Bb7 5. c4 Be7 6. Nc3 Ne4 7.
Bd2 O-O 8. d5 Nxc3 (8... Nxd2 9. Qxd2 d6) (8... f5) 9. Bxc3 Bf6 10. Rc1 (10.
Nd4 c6 11. O-O cxd5 12. cxd5 Bxd5 13. Bxd5 exd5 14. Nb5 Nc6 15. Qxd5 $14 {
Andersson,U-Pomar Salamanca,A/Buenos Aires olm/1978}) 10... d6 (10... c6 11.
O-O cxd5 12. Ne1 Bxc3 13. Rxc3 b5 $2 14. cxd5 Qb6 15. Nd3 $16 {Epishin,
V-Timman,J/Madrid (04) ;CBM 47 1995}) 11. dxe6 (11. O-O $142 Bxc3 12. Rxc3 e5
13. Nd2 f5 14. f4 {-E18}) 11... fxe6 12. O-O Qe7 (12... Nd7 $6 13. Nd4 Bxd4 14.
Bxb7 Bxc3 15. Bxa8 Bxb2 16. Rc2 Qxa8 17. Rxb2 Qc6 18. Rc2 Qe4 19. Rc3 Nc5 20.
f3 Qe5 21. Qd2 $14 {Stangl,M-Unzicker,W/Wildbad (10) 1990}) 13. Bxf6 (13. Nd4
Bxg2 14. Kxg2 Bxd4 15. Qxd4 Nd7 $10) 13... Rxf6 14. Qd3 {/\Ng5 /\Ng5,><b7,h7}
g6 $1 15. Nd4 (15. b4 Nd7 $10) (15. e4 $2 Nd7 $15 {[%csl Rd4][%cal Rf8f1] ><d4,
<->f}) 15... Bxg2 16. Kxg2 Nd7 $10 17. Qe4 Raf8 18. Qb7 $6 (18. Nc6 Qf7 19. Qe3
a5 $10) 18... Ne5 19. h3 (19. Qxa7 $2 Ng4 20. Nf3 e5 21. h3 e4 22. hxg4 exf3+
23. exf3 Rxf3 24. Qb7 (24. Rc2 Qe4 $19) 24... Qe2 25. Qd5+ R8f7 26. Qd4 $2 Rd3
$19) (19. f3 $5 {Mowsziszian,K} a5 20. a3 {/\b4,c5}) 19... g5 20. f3 (20. Qxa7
$2 g4 21. hxg4 (21. h4 {Mowsziszian,K} Qf7 $17) 21... Nxg4 22. Nf3 e5 $17)
20... a5 21. a3 (21. Nc6 $1 Nxc6 22. Qxc6 h5 23. Qe4 $10) 21... h5 22. Nb5 $6
R6f7 23. b4 axb4 24. axb4 h4 25. c5 $2 (25. g4 Qf6 {/\Qf4-g3} 26. Qe4 d5 27.
cxd5 exd5 28. Qd4 c6 29. Nc3 $15 (29. Nc3 {Mowsziszian,K} Nc4 $17)) (25. gxh4
Rg7 $1 (25... gxh4 26. Kh2 Rg7 27. Rg1 $13) 26. Kh1 (26. Rg1 g4 $1 27. hxg4
Nxg4 $40) 26... g4 27. fxg4 Rxf1+ 28. Rxf1 Qxh4 29. Kg2 Nxg4 30. Qa8+ Kh7 31.
Qe4+ Kh6 32. Qf4+ (32. Qxe6+ $2 Rg6 $19) 32... Kh7 (32... Kh5 33. Qf3 Kh6 34.
Qf4+ $10) 33. Qe4+ $10) 25... bxc5 26. bxc5 d5 $17 27. gxh4 (27. g4 Nc4 $17)
27... Rg7 $1 28. Kh1 g4 $1 29. Qxc7 $1 $8 (29. fxg4 Rxf1+ 30. Rxf1 Qxh4 31.
Qa8+ Kh7 32. Qa3 Rxg4 $17) 29... Qxc7 30. Nxc7 Rxc7 31. hxg4 Rfc8 32. Rc3 $6 (
32. Kg2 Nc4 (32... Rxc5 33. Rxc5 Rxc5 34. Kf2 $17) 33. Kf2 Rxc5 34. Rc2 $17)
32... d4 (32... Rxc5 $2 33. Re3 d4 34. Re4 $15) 33. Rb3 (33. Rc2 Rxc5 34. Rxc5
Rxc5 35. Rd1 d3 36. exd3 Nxf3 $19) 33... Rxc5 34. Kg2 Rc2 35. Rf2 Rd2 $2 (35...
Ng6 $1 36. Kg3 e5 37. Rb5 R8c5 38. Rxc5 Rxc5 $17) 36. f4 $1 (36. Rb5 Ng6 37.
Kg3 Rcc2 38. h5 d3 39. hxg6 dxe2 40. Rb1 e1=Q 41. Rxe1 Rxf2 $19) 36... Nc4 (
36... Nxg4 $4 37. Rg3) 37. Kf3 $2 (37. Rd3 $1 Ne3+ 38. Kf3 Rxd3 39. exd3 Kf7
40. Ra2 $15) 37... Ra2 $19 38. Rd3 (38. Kg2 Nd2 39. e4 Nxb3 40. Rxa2 d3 $19)
38... Nd2+ 39. Kg2 Ne4 40. Rf1 Rc3 $1 41. Rc1 Rxe2+ 0-1

[Event "Biel GM"]
[Site "Biel"]
[Date "2002.07.23"]
[Round "2"]
[White "Pelletier, Yannick"]
[Black "Kortschnoj, Viktor Lvovich"]
[Result "1/2-1/2"]
[WhiteElo "2571"]
[BlackElo "2626"]
[Annotator "Kortschnoj"]
[PlyCount "109"]
[EventDate "2002.07.22"]
[EventType "tourn"]
[EventRounds "10"]
[EventCountry "SUI"]
[EventCategory "16"]
[SourceTitle "CBM 091"]
[Source "ChessBase"]
[SourceDate "2002.11.12"]
[SourceVersion "1"]
[SourceVersionDate "2002.11.12"]
[SourceQuality "1"]

1. Nf3 {Pelletier} Nf6 2. c4 b6 3. g3 Bb7 4. Bg2 e6 5. O-O Be7 6. Nc3 O-O 7.
Re1 $5 {This move was introduced into grandmasters' practice by T. Petrosian
in his match with Portisch in 1974. Portisch answered with 7...Ne4, what, in
fact, would allow white to occupy the centre with his pawns, after 8.Nxe4 Bxe4
9.d3 Bb7 10.e4.} d5 8. cxd5 Nxd5 {An ambitious move.} (8... exd5 {leads to
approximate equality.}) 9. e4 Nxc3 10. bxc3 c5 11. d4 $14 Nc6 ({Pelletier:
Letztens am selben Ort spielte Kortschnoj gegen mich} 11... cxd4 12. cxd4 Na6 {
, aber diesmal hat er die Variante richtig vorbereitet.}) 12. d5 exd5 13. exd5
Na5 14. Bf4 Bd6 15. Ne5 Qc7 16. Qh5 Rad8 {'!?' Pelletier. With this solid move
black prepares to play f7-f6.} ({An immediate} 16... f6 {would fail due to} 17.
Be4) ({Pelletier: Diese Neuerung könnte stärker sein als} 16... Rae8 {, da nach
} 17. Re3 {alle Arten Tricks wegen der Turmstellung auf e8 möglich sind, z.B:}
g6 18. Qe2 f6 19. Nxg6 $1 {oder 17...f6 18.Nc4!}) 17. Re3 {'!?' Pelletier.
Doubling his rooks along the e-file, white at the same time has in mind an
aggressive idea - g3-g4+Rh3.} f6 ({Pelletier: Falls zuerst} 17... g6 18. Qh6 f6
19. Nd3 Nc4 {, dann kann Weiß} 20. Ree1 $5 $14 {ziehen.}) 18. Nd3 {A temporar
retreat. The knight is eventually moving via f4 to e6.} Nc4 ({Pelletier: Sieht
verlockend aus, aber nach der Partie untersuchten wir auch die Abwicklung ins
Endspiel mittels} 18... Qf7 19. Qxf7+ Rxf7 20. Bxd6 Rxd6 21. Nf4 Nc4 22. Re8+
Rf8 {, die für Schwarz befriedigend aussieht.}) 19. Re4 {'!' Pelletier.
Pelletier: 'Mit dieser Antwort hatte Kortschnoj nicht gerechnet, da der Bauer
d5 anscheinend verloren geht. Nun versank er in tiefes Nachdenken.'} (19. Re2
Ba6 $1) 19... g6 {An attempt to turn over the tables.} ({After} 19... b5 20. a4
(20. Rae1 {Pelletier}) 20... a6 21. Rb1 {white still has some edge.}) 20. Qh6
$6 {Looks as the most active move, but, actually, a centralizing} (20. Qe2 {
After} Ne5 21. Bxe5 fxe5 22. c4 b5 23. Nxe5 bxc4 24. Nc6 {(or 24.Rd1) it would
be not easy to hold the black position. Coming back to the move 19...g6 - it
was dubious.}) ({Pelletier: Meinerseits unterschätzte ich den gegnerischen Zug,
wobei es sich herausstellt, dass die Dame auf h6 nicht so gut plaziert ist wie
auf h4.} 20. Qh4 {war also vorzuziehen und mit einem kleinen Vorteil verbunden.
}) 20... Ne5 {'[]' Pelletier.} (20... Bxd5 $4 21. Re7 $18 Qxe7 22. Bxd5+ Kh8
23. Bxc4 $16) 21. Nxe5 (21. Rae1 $4 Nf7 22. Qh3 Bxd5 $17) ({Pelletier: Auch im
Fall von} 21. Bxe5 fxe5 22. c4 b5 {[%csl Rd5] erhält Schwarz Gegenspiel, z.B:}
23. Rae1 bxc4 (23... Qg7 {Pelletier} 24. Qc1 $5) 24. Nxe5 Qg7 25. Qxg7+ Kxg7
26. Rxc4 Rfe8 {und die Partie sollte mit einem friedlichen Ergebnis enden.})
21... fxe5 22. Bg5 Rde8 23. c4 ({Or} 23. Rd1 Qf7 24. Re2 Ba6 {- black pieces
are very active.}) 23... b5 24. Rd1 {The black initiative should not be
overestimated. Even after} (24. cxb5 Bxd5 25. Rd1 Bxe4 26. Bxe4 {white would
have had full compensation for an exchange.}) ({Pelletier: Nach} 24. Rc1 $6
bxc4 25. Rexc4 Qf7 {[%csl Rd5,Rf2] fällt bereits ein Bauer.}) 24... Qa5 {
'?' Pelletier.} ({Pelletier: Richtig war stattdessen} 24... bxc4 25. Rxc4 Ba6
26. Re4 c4 $132) 25. Re2 {'?' Pelletier.} ({Pelletier: Ich hatte zwar
Angriffslust in dieser Stellung, aber aus irgendeinem Grund verpasste ich} 25.
Rh4 {, was die Rückkehr der schwarzen Dame nach c7 erzwingt:} Qc7 (25... Rf7 {
Pelletier} 26. Bf6 $1 {/\ Qxg6!}) 26. cxb5 {mit Vorteil, da} Rxf2 $2 27. Kxf2
Bf8 28. Qxh7+ Qxh7 29. Rxh7 Kxh7 30. d6 {für Schwarz unmöglich ist.}) 25... Qa4
{But now black threats become rather annoying.} 26. Rc1 bxc4 27. Be4 Qd7 $6 {
Black had to repel a threat Bg6 with the move Rf7!, with some advantage.} (
27... Rf7 $1) 28. Rd2 Ba6 29. Rc3 (29. Bg2 {Pelletier} c3 $1 30. Rxc3 c4 {
[%cal Gd6b4]}) 29... Rf7 30. Bg2 {Now white threatens with Bh3-e6. But the
bishop on e4 was located very well. Instead of his pseudoactive move he had to
keep low profile and to continue 30.Kg2 or 30.Be3.  Pelletier: 'Etwa hier
verstand ich, dass nicht Weiß sondern vielleicht Schwarz auf Vorteil spielen
konnte! Doch ich hoffte immer noch, dass mir der Textzug die Initiative
versprechen würde.'} (30. Ra3 c3 31. Rxc3 c4 $15) 30... Qf5 $1 $17 {'!'
Pelletier.} 31. Bh3 Qb1+ 32. Kg2 Bb7 {'!' Pelletier.} 33. Qh4 (33. f3 Bf8 34.
Qh4 e4 35. Be6 exf3+ 36. Rxf3 (36. Kf2 Bxd5 37. Bxf7+ Bxf7 $17) 36... Rxe6 37.
Rxf7 Kxf7 38. Qxh7+ Ke8 $19) ({Pelletier: Der Bauer ist unantastbar} 33. Rxc4 {
Pelletier} Bxd5+ $1 34. Rxd5 Qb7 $19) 33... e4 34. Be3 ({Und wieder wegen} 34.
Rxc4 {Pelletier} e3 $1 35. Bxe3 Rxe3 $1 $19) 34... Qa1 {'!' Pelletier.} ({Nach
} 34... Be7 {Pelletier} 35. Qg4 $1 (35. Qh6 {Pelletier} Bf6 $1 36. Rxc4 Ba6)
35... Rd8 36. Qd1 {besitzt Weiß ausreichende Kompensation}) (34... Be5 $2 {
Pelletier} 35. Rxc4 Bf6 36. Qg4 Ba6 37. Rd1 $16) 35. Rcc2 {'!' Pelletier.} (35.
Rxc4 Ba6 $17) 35... c3 36. Re2 Bxd5 $4 {'!' Pelletier.  A blunder.} ({After} 
36... Qd1 37. Be6 Bxd5 38. Bxd5 (38. Bxf7+ $2 Bxf7 {followed by Bc4 white was
lost.}) 38... Qxd5 39. Rxc3 {where black would have technical difficulties to
prove his decisive advantage...} Qf5 40. Rd2 Qf3+ 41. Kg1 Be7 42. Qh3 {[%cal
Gh3f1,Gf1d1] , und Weiß hat eine gute Blockade.}) 37. Rc1 $18 Qb2 ({Nichts
verspricht} 37... Qxc1 $2 {Pelletier} 38. Bxc1 e3+ 39. Kf1 $18) 38. Rxb2 cxb2
39. Rd1 $2 {'!' Pelletier. Presumably, my opponent had been programmed before
the game to struggle - strictly - for a draw.  Pelletier: In großer Zeitnot
gelang es mir, die beste Fortsetzung zu finden.} (39. Rb1 {would have won the
game:} Be5 (39... Rb8 $2 {Pelletier} 40. Rxb2 Rxb2 41. Qd8+ $18) 40. Qg4 Bxa2
41. Qxe4 Bxb1 42. Qxb1 c4 {lässt Weiß kaum noch eine Hoffnung (Pelletier).} 43.
Bg4 c3 44. Bd1 {Not too complicated line to calculate!}) 39... Bxa2 40. Qg5 Bf8
{'?!' Pelletier.} ({Pelletier: Besser war} 40... Be5 41. Bxc5 b1=Q 42. Rxb1
Bxb1 43. Qe3 Bc2 44. Bxa7 Bd1 {[%csl Rg2] , da somit der weiße König in
Schwierigkeiten gerät.}) 41. Bxc5 e3 $6 ({Pelletier: Und immer noch konnte man
mittels} 41... b1=Q 42. Rxb1 Bxb1 43. Bxf8 Kxf8 (43... e3 44. Bc5 e2 45. Bb4
$11) 44. Qc5+ Ree7 $11 (44... Rfe7 {einen gewissen Druck behalten. Kortschnoj
opfert seinen e-Bauern, um seinem weißfeldrigen Läufer mehr Raum zu
verschaffen.})) 42. Bxe3 $14 b1=Q 43. Rxb1 Bxb1 44. Qb5 (44. Kg1 {Pelletier}
Bf5) 44... Be4+ 45. Kg1 Rd8 46. f4 {'!?' Pelletier.} Bf5 (46... Re7 {Pelletier}
47. Bc5) 47. g4 {'!?' Pelletier. Pelletier: 'Solche aggressive Verteidigung
hatte er nicht erwartet, aber es ist klar, dass Weiß am Königsflügel auch zum
Wort kommen darf.'} Bd7 {'?!' Pelletier.} ({Pelletier: Die letzte Möglichkeit,
auf Vorteil zu spielen, bestand in} 47... Be6 {, da} 48. f5 $2 gxf5 49. gxf5
Rd5 $1 {dann gewinnt.}) 48. Qb3 Bc6 49. Bf1 {'!?' Pelletier.} ({Pelletier: Ich
riskierte} 49. Bxa7 Bd5 {lieber nicht, obwohl nach} 50. Qa4 {nichts Schlimmes
zu passieren scheint.}) 49... Bd5 50. Bc4 Bxc4 51. Qxc4 {Pelletier: 'Nach dem
Abtausch der weißfeldrigen Läufer haben Luftzüge um den weißen König an Kraft
verloren.'} Rdd7 52. f5 Rc7 53. Qd5 Rcd7 54. Qc4 Rc7 55. Qd5 1/2-1/2